Cat kid comic club : (Record no. 9577)
[ view plain ]
| 000 -LEADER | |
|---|---|
| fixed length control field | 01105nam a22002417a 4500 |
| 001 - CONTROL NUMBER | |
| control field | 9577 |
| 003 - CONTROL NUMBER IDENTIFIER | |
| control field | FISKH |
| 005 - DATE AND TIME OF LATEST TRANSACTION | |
| control field | 20260123154008.0 |
| 008 - FIXED-LENGTH DATA ELEMENTS--GENERAL INFORMATION | |
| fixed length control field | 260123b cb ||||| |||| 00| 0 eng d |
| 020 ## - INTERNATIONAL STANDARD BOOK NUMBER | |
| International Standard Book Number | 9780702310928 |
| 040 ## - CATALOGING SOURCE | |
| Original cataloging agency | FISKH |
| Language of cataloging | eng |
| Transcribing agency | FISKH |
| Modifying agency | FISKH |
| 050 ## - LIBRARY OF CONGRESS CALL NUMBER | |
| Classification number | PZ7.7 .P53 .C |
| 082 ## - DEWEY DECIMAL CLASSIFICATION NUMBER | |
| Classification number | 741.5 |
| 100 ## - MAIN ENTRY--PERSONAL NAME | |
| Personal name | Pilkey , Dav |
| 245 ## - TITLE STATEMENT | |
| Title | Cat kid comic club : |
| Remainder of title | From the creator of dog man / |
| Statement of responsibility, etc. | Written & Illustrated by Dav Pilkey : As George Beard and Harold Hutchins with color by Jose Graibaldi |
| 260 ## - PUBLICATION, DISTRIBUTION, ETC. | |
| Place of publication, distribution, etc. | New York : |
| Name of publisher, distributor, etc. | Scholastic , |
| Date of publication, distribution, etc. | 2020. |
| 300 ## - PHYSICAL DESCRIPTION | |
| Extent | 173 pages : |
| Other physical details | color illustrations ; |
| Dimensions | 22 cm . |
| 490 ## - SERIES STATEMENT | |
| Series statement | Cat kid comic club |
| 520 ## - SUMMARY, ETC. | |
| Summary, etc. | Welcome to the Cat Kid Comic Club, where Li'l Petey (LP), Flippy, and Molly introduce 21 funny and talented baby frogs to the art of comic making. Readers of all ages will unleash their own creativity as they open the door to visual comic book storytelling with the help of Dav Pilkey and his heartfelt, humorous, and amazing cast of characters |
| 650 ## - SUBJECT ADDED ENTRY--TOPICAL TERM | |
| Topical term or geographic name entry element | Superheroes |
| Form subdivision | Comics & Graphic Novels |
| 942 ## - ADDED ENTRY ELEMENTS (KOHA) | |
| Source of classification or shelving scheme | Dewey Decimal Classification |
| Koha item type | Books |
| Suppress in OPAC | No |
| Withdrawn status | Lost status | Source of classification or shelving scheme | Damaged status | Not for loan | Collection | Home library | Current library | Shelving location | Date acquired | Total Checkouts | Full call number | Barcode | Date last seen | Date last checked out | Price effective from | Koha item type |
|---|---|---|---|---|---|---|---|---|---|---|---|---|---|---|---|---|
| Dewey Decimal Classification | Fiction | Footprints International School Library Network Toul Tom Poung Campus | Footprints International School Library Network Toul Tom Poung Campus | TTP Comic Books all Levels | 01/23/2026 | 4 | PIL 741.5 PZ7.7 .P53 .C | 2026-0094 | 04/23/2026 | 04/10/2026 | 01/23/2026 | Books |
